| 000 | 00724nam a22002297a 4500 | ||
|---|---|---|---|
| 005 | 20170124105934.0 | ||
| 010 | _aA-456657 | ||
| 020 |
_c00.00 _a817095021 |
||
| 035 | _aA-456657 | ||
| 037 | _bCen Lib/Ret | ||
| 040 |
_aDPL _bEN |
||
| 082 |
_a327.73054 _bVIN |
||
| 100 |
_aVinod, M. J. _99082 |
||
| 245 |
_aUnited States foreign policy towards India : _cby M. J. Vinod _b a diagnosis of the American approach / |
||
| 260 |
_aNew Delhi _bLancers Book _c1991 |
||
| 270 |
_aP. O. Box no.4236 _bNew Delhi _e110048 |
||
| 300 |
_a278p. _c21cm(Hb) |
||
| 500 | _aIncludes bibliographic references and index | ||
| 650 |
_aUnited States _99083 |
||
| 650 |
_aIndia _99084 |
||
| 942 |
_2ddc _cEN _h327.73054 _mVIN |
||
| 999 |
_c124062 _d124062 |
||